000 00608nam a22002297a 4500
003 UA-OsUOA
001 49714
007 ta
008 20071011b un ||||| |||| 00| 0 ukr d
100 _aТендряков В.
090 _a81
_bТ33
942 _cBK
040 _aUA-OsUOA
_brus
_cUA-OsUOA
_dUA-OsUOA
245 _aРасплата
300 _a541 с.
955 _a3
041 _arus
080 _a81
260 _aМ.
_bСов писатель
_c1982
650 7 _a8 Мовознавство. Художня література. Літературознавство
_2UDC
999 _c335811
_d335811